000 00710cab a22002055a 4500
001 L156331
008 120514e20120428xxk 000 0 eng d
035 _a(Sirsi) u156331
041 0 _aeng
110 2 _aBrown, Sarah
_96070
245 0 2 _aA knotty problem
260 _c2012
490 _aEstates Gazette
_v(1217) 28 April 2012, 102-104(3)
520 _aLegal implications for property owners who find Japanese Knotweed on their land. Includes information on the recently published RICS Information Paper on the issue and a guide to identifying the plant.
590 _aKA
651 4 _aEngland and Wales
_y1543-
690 _aContamination
_96231
690 _aResidential property
_96266
942 _n0
999 _c83988
_d83988